000
00303nam a22001217a 4500
008
180118b xxu||||| |||| 00| 0 eng d
041
_a
eng
080
_a
330.101.541 FEI
100
_a
52
101
_a
MAK
245
_a
Issues in contemporary macroeconomics& distribution
_c
Feiwel,G.R
942
_2
udc
_c
BK
999
_c
40477
_d
40477